Security Analysis and Portfolio Management (Record no. 89618)
[ view plain ]
| 000 -LEADER | |
|---|---|
| fixed length control field | 00583nam a2200193Ia 4500 |
| 008 - FIXED-LENGTH DATA ELEMENTS--GENERAL INFORMATION | |
| fixed length control field | 230125s9999 xx 000 0 und d |
| 020 ## - INTERNATIONAL STANDARD BOOK NUMBER | |
| International Standard Book Number | 81-259-1084-0 |
| 041 ## - LANGUAGE CODE | |
| Language code of text/sound track or separate title | eng |
| 082 ## - DEWEY DECIMAL CLASSIFICATION NUMBER | |
| Classification number | 658.152 |
| Item number | PAN |
| 100 ## - MAIN ENTRY--PERSONAL NAME | |
| Personal name | Pandian P |
| 9 (RLIN) | 109634 |
| 245 ## - TITLE STATEMENT | |
| Title | Security Analysis and Portfolio Management |
| 260 ## - PUBLICATION, DISTRIBUTION, ETC. (IMPRINT) | |
| Date of publication, distribution, etc. | 2010 |
| Name of publisher, distributor, etc. | Vikas Publishing House Pvt. Ltd. |
| Place of publication, distribution, etc. | Pune |
| 300 ## - PHYSICAL DESCRIPTION | |
| Extent | 464p |
| 500 ## - GENERAL NOTE | |
| Keywords | Security Analysis and Portfolio Management;Security analysis;Portfolio management |
| 650 ## - SUBJECT ADDED ENTRY--TOPICAL TERM | |
| Topical term or geographic name as entry element | Financial Management |
| 700 ## - ADDED ENTRY--PERSONAL NAME | |
| Personal name | Pandian P |
| 9 (RLIN) | 109634 |
| 906 ## - LOCAL DATA ELEMENT F, LDF (RLIN) | |
| b | 84 |
| Withdrawn status | Lost status | Damaged status | Not for loan | Home library | Current library | Date acquired | Vendor | Cost, normal purchase price | Bill number | Total Checkouts | Full call number | Barcode | Date last seen | Cost, replacement price | Bill Date | Koha item type | Original Barcode |
|---|---|---|---|---|---|---|---|---|---|---|---|---|---|---|---|---|---|
| Smt. Hiraben Nanavati Institute of Management & Research for Women | Smt. Hiraben Nanavati Institute of Management & Research for Women | 03/03/2012 | Forward Books | 335.00 | 5076 | 658.152 PAN B10989 | HIMR-BK-10989 | 25/01/2023 | 251.00 | 14/12/2011 | Books | B10989 | |||||
| Smt. Hiraben Nanavati Institute of Management & Research for Women | Smt. Hiraben Nanavati Institute of Management & Research for Women | 03/03/2012 | Forward Books | 335.00 | 5076 | 658.152 PAN B10991 | HIMR-BK-10991 | 25/01/2023 | 251.00 | 14/12/2011 | Books | B10991 | |||||
| Smt. Hiraben Nanavati Institute of Management & Research for Women | Smt. Hiraben Nanavati Institute of Management & Research for Women | 03/03/2012 | Forward Books | 335.00 | 5076 | 658.152 PAN B10990 | HIMR-BK-10990 | 25/01/2023 | 251.00 | 14/12/2011 | Books | B10990 | |||||
| Smt. Hiraben Nanavati Institute of Management & Research for Women | Smt. Hiraben Nanavati Institute of Management & Research for Women | 03/03/2012 | Forward Books | 335.00 | 5076 | 658.152 PAN B10988 | HIMR-BK-10988 | 25/01/2023 | 251.00 | 14/12/2011 | Books | B10988 | |||||
| Smt. Hiraben Nanavati Institute of Management & Research for Women | Smt. Hiraben Nanavati Institute of Management & Research for Women | 03/03/2012 | Forward Books | 335.00 | 5076 | 658.152 PAN B10987 | HIMR-BK-10987 | 25/01/2023 | 251.00 | 14/12/2011 | Books | B10987 | |||||
| Smt. Hiraben Nanavati Institute of Management & Research for Women | Smt. Hiraben Nanavati Institute of Management & Research for Women | 24/03/2006 | Varma Book Distributor | 180.00 | 658.152 PAN B05053 | HIMR-BK-5053 | 25/01/2023 | 153.00 | 22/03/2006 | Books | B05053 |